01304pab a2200133 454500008004000000100001800040245006600058260000900124300001400133362000800147520096900155650001101124773003501135180718b1999 xxu||||| |||| 00| 0 eng d aGodley, Wynne aMoney and credit in a Keynesian model of income determination c1999 ap.393-411 aJul aThis paper integrates the theory of money and credit derived ultimately from Wicksell into the Keynesian theory of income determination, with assets allocated according to Tobinesque principles. The model deployed has much in common with the modern `endogenous money' school initiated by Kaldor which emphasises the essential role played by credit in any real life economy, since production takes time and the future is always uncertain. New ground is broken methodologically because all the propositions are justified by simulations of a rigorous (60-equation) model, making it possible to pin down exactly why the results come out as they do. One conclusion of the paper is that there is no such thing as a supply of money distinct from the money which agents wish to hold, or find themselves holding. This finding is inimical, possibly in the end lethal, to the way macroeconomics is currently taught as well as to the neoclassical paradigm itself. - Reproduced aIncome aCambridge Journal of Economics